Principles of the properties of materials (Record no. 16965)

000 -LEADER
fixed length control field 00542nam a22001931 4500
001 - CONTROL NUMBER
control field 16965
003 - CONTROL NUMBER IDENTIFIER
control field BD-DhUET
008 - FIXED-LENGTH DATA ELEMENTS--GENERAL INFORMATION
fixed length control field 750926s1957 nyua 000 0 eng
040 ## - CATALOGING SOURCE
Original cataloging agency DLC
Transcribing agency DLC
Modifying agency BD-DhUET
082 ## - DEWEY DECIMAL CLASSIFICATION NUMBER
Classification number 620.11291
Item number FRA/1957
100 ## - MAIN ENTRY--PERSONAL NAME
Personal name Frankel, Jacob Porter
245 00 - TITLE STATEMENT
Title Principles of the properties of materials
250 ## - EDITION STATEMENT
Edition statement 1st ed.
260 ## - PUBLICATION, DISTRIBUTION, ETC. (IMPRINT)
Place of publication, distribution, etc. New York
Name of publisher, distributor, etc. McGraw-Hill
Date of publication, distribution, etc. 1957
300 ## - PHYSICAL DESCRIPTION
Extent xiv, 228 p.
Other physical details illus.
Dimensions 24 cm.
490 ## - SERIES STATEMENT
Series statement McGraw-Hill series in engineering sciences
650 #0 - SUBJECT ADDED ENTRY--TOPICAL TERM
Topical term or geographic name as entry element Engineering, Physics
942 ## - ADDED ENTRY ELEMENTS (KOHA)
Koha item type General Book
Holdings
Koha date last seen Koha normalized classification for sorting Damaged status Location (home branch) Date acquired Lost status Koha item type Koha full call number Price effective from Sublocation or collection (holding branch) Withdrawn status Not for loan Copy number Piece designation (barcode) Shelving location Source of classification or shelving scheme
2015-03-22530_620000000000000_FRA_1957 Central Library, BUET2015-03-22 General Book530.62/FRA/19572015-03-22Central Library, BUET  1135965Circulation section 
2015-04-22620_112910000000000_FRA_1957 Central Library, BUET2015-04-22 General Book620.11291/FRA/19572015-04-22Central Library, BUET  27394Circulation section 
2015-04-23620_112910000000000_FRA_1957 Central Library, BUET2015-04-23 General Book620.11291/FRA/19572015-04-23Central Library, BUET  383477Circulation section 
2015-07-03620_112910000000000_FRA_1957 Central Library, BUET2015-07-03 General Book620.11291/FRA/19572015-07-03Central Library, BUET  484360Circulation section